| 000 | 00571nam a22002177a 4500 | ||
|---|---|---|---|
| 005 | 20220927141641.0 | ||
| 008 | 220927b ||||| |||| 00| 0 eng d | ||
| 020 | _a9789382267706 | ||
| 040 |
_aIN-DiNC _cIN-DiNC |
||
| 041 | _deng | ||
| 082 |
_a821 _bJOH |
||
| 100 |
_aJohnson _eauthor |
||
| 245 |
_aCity and country/ _cby Johnson and Gray |
||
| 250 | _a2nd rev. ed. | ||
| 260 |
_aDelhi: _bWorldview publications, _c2021. |
||
| 300 | _axx, 171p. | ||
| 650 | _aEnglish poetry | ||
| 700 |
_aGray _eauthor |
||
| 700 |
_aRaghunathan, Harriet _eEditor |
||
| 942 |
_2ddc _cBK |
||
| 999 |
_c11406 _d11406 |
||